000
00293nam a2200121Ia 4500
008
170620s9999 xx 000 0 und d
100
_a
KASTURE & ET.AL.
245
0
_a
PRACTICAL PHARMACEUTICS II
260
_b
NIRALI DELHI
260
_c
2009
300
_a
99
546
_a
English
690
_a
PRACTICAL PHARMACEUTICS II
999
_c
31281
_d
31281